| 000 | 00534nam a2200217Ia 4500 | ||
|---|---|---|---|
| 003 | GCL | ||
| 008 | 140319s9999 xx 000 0 eng d | ||
| 040 |
_aGCL / _cGCL |
||
| 082 | 0 | 4 |
_aCH _b372.4 _bT K |
| 100 | 1 | _aHINDLEY, JUDY | |
| 245 | 1 | 0 |
_aTHE KNOW HOW BOOK OF SPYCRAFT / _cHINDLEY, JUDY |
| 700 | 1 | _aTRAVIS, FALCON | |
| 260 |
_a[S.N] : _bUSBORNE LANGUAGE BOOKS ، _c1988 |
||
| 300 | _a32 P | ||
| 650 | 0 | 4 | _aREADING |
| 650 | 0 | 4 | _aCHILDREN |
| 650 | 0 | 4 | _aWRITING |
| 650 | 0 | 4 | _aLEARNING |
| 650 | 0 | 4 | _aMASSAGE |
| 942 |
_2ddc _cBK |
||
| 999 |
_c15128 _d15128 |
||